[Event "CHN-chB"]
[Site "Jiangmen"]
[Date "2018.07.18"]
[Round "1"]
[White "Wang, Yuxuan"]
[Black "Peng, Xiongjian"]
[Result "0-1"]
[WhiteElo "1401"]
[BlackElo "2422"]
[PlyCount "66"]
[EventDate "2018.07.18"]
[EventType "swiss"]
[EventRounds "11"]
[EventCountry "CHN"]
[SourceTitle "CBM 185 Extra"]
[Source "ChessBase"]
[SourceDate "2018.07.29"]
[SourceVersion "1"]
[SourceVersionDate "2018.07.29"]
[SourceQuality "1"]

1. f4 d5 2. Nf3 g6 3. g3 Bg7 4. Bg2 Nf6 5. 0-0 0-0 6. d3 c6 7. e3 Nbd7 8. Nc3 Nc5 9. Qe2 b5 10. Ne5 Qb6 11. a3 a5 12. Bd2 Nfd7 13. Nxd7 Bxd7 14. d4 Nb7 15. Nd1 e6 16. Nf2 c5 17. c3 b4 18. dxc5 Nxc5 19. axb4 Nb3 20. bxa5 Qb8 21. Rad1 Bb5 22. Nd3 Nc5 23. Be1 Nxd3 24. Rxd3 Bxd3 25. Qxd3 Rxa5 26. c4 dxc4 27. Qxc4 Ra1 28. Bc3 Rxf1+ 29. Qxf1 Bxc3 30. bxc3 Rc8 31. c4 Qb3 32. c5 Qxe3+ 33. Kh1 Rxc5 0-1